000 01683nam a22004577a 4500
001 000095122
003 CHAP
005 20220329143057.0
008 010920d2005 mx r 00110 spa d
010 _a91588
011 _a92560
035 _a103125
040 _cCHAP
090 _aTesis
100 0 0 _aCarranza Vázquez, Pedro.
_919336
245 1 0 _aDeterminación del potencial de establecimiento y plan de acción preventivo contra Cactoblastis cactorum en México /
_c/por Pedro Carranza Vázquez.
260 _aChapingo, Méx. :
_bEl autor,
_c2005.
300 _a84 h. :
_bilus.
502 _aTesis (M.C. en Protección Vegetal) -- UACH. Departamento de Parasitología Agrícola
590 _aALEPH
_b10
_c20130110
_lUCH01
_h1508
590 _aBATCH-UPD
_b10
_c20130110
_lUCH01
_h0515
590 _aBATCH-UPD
_b10
_c20130410
_lUCH01
_h0153
590 _aBATCH-UPD
_b10
_c20130914
_lUCH01
_h0806
590 _aBATCH-UPD
_b10
_c20140324
_lUCH01
_h1453
590 _aBATCH-UPD
_b10
_c20141002
_lUCH01
_h0828
590 _aBATCH
_b00
_c20181121
_lUCH01
_h0759
590 _aCONVERSION
_b10
_c20130109
_lUCH01
_h1351
590 _aE792CSJ
_b10
_c20130703
_lUCH01
_h1158
590 _aE792CSJ
_b10
_c20130705
_lUCH01
_h1026
650 1 4 _aCactoblastis cactorum.
_917029
650 1 4 _aNopal
_xMéxico.
_981684
650 1 4 _aNopal
_xPlagas.
_981689
856 _3Finding aid
_uhttp://10.13.5.2/tesis/103125.pdf
_zTeclea aquí
856 _a1
_n0001300
901 _aBK
905 _aAlejandra Carrasco M.
942 _cCD
942 _n0
949 _aTesis
_bBC
_cTES
_d00000001031251
_eTS1
_gDonaciØn
_h44164
_i103125
_sb
949 _aTesis
_bBC
_cTES
_d33724000968863
_eTS2
_fc.2
_h44165
_i103125
_si
999 _c91588
_d91588